1431 1884 1738 1575 1892 1566 1948 1556 1607 1210 1093 1474 1729 1860 1129 1264 1691 1447 1993 1147 1082 1437 1267 1056 1724 1036 1693 1280 1212 1039 1366 1902 1451 1485 1371 1328 1345 1485 1759 1486 1808 1299 1033 1922 1721 1586 1265 1143 1837 1160 1260 1663 1253 1217 1689 1494 1226 1998 1373 1505 1881 1180 1579 1862 1953 1624 1510 1818 1434 1775 1740 1619 1063 1226 1535 1531 1822 1561 1035 1816 1444 1200 1726 1718 1053 1281 1762 1760 1516 1262 1717 1466 1504 1940 1449 1526 1195 1848 1744 BCNSPRNW ULIB Ver.6.0+V

เปลี่ยนเป็นภาษาไทย

Change to English
 แสดงรายละเอียดบรรณานุกรม
  กลับหน้าหลัก

Brief Record : Get Marc (ISO 2709) : E-mail record : QR code < ปิดหน้าต่าง
LEADER : 00000nam 2200000uu 4500
001    13399123940
003     ULIB
008    141215s2556||||th 000 0 tha d
020    ^a9789742035655
060 04 ^aW825^bธ699ก
100 0  ^aธีสุทธิ์ พันธ์ฤทธิ์
245 10 ^aการชันสูตรพลิกศพและการวิสามัญฆาตกรรม /^cธีสุทธิ์ พันธ์ฤทธิ์
250    ^aพิมพ์ครั้งที่ 2.
260    ^aกรุงเทพฯ :^bนิติกรรม ,^c2556.
300    ^a204 หน้า :^bภาพประกอบ ;^c21 ซม.
650  4 ^aการชันสูตรพลิกศพ
650  4 ^aการตรวจศพ
650  4 ^aนิติเวชศาสตร์
650  2 ^aForensic Medicine.
650  2 ^aAutopsy.
650  7 วิธีพิจรานาความอาญา
700 0  ^aคณิต ณ นคร,^eที่ปรึกษา
710 2  ^aสำนักพิมพ์นิติกรรม
945    ^p195^l0^i22733
945    ^p195^l0^i22734
999    ^aทศพร เกษรทอง
รายการนี้ยังไม่มีแท็ก
คุณยังไม่ได้ล็อกอิน คุณสามารถมีกิจกรรมร่วมกับเว็บไซต์ได้ แต่ต้องล็อกอินก่อน ::
  ล็อกอิน

รายการสื่อสารสนเทศ

ลำดับที่ ประเภท เลขเรียก/บาร์โค้ด สถานที่ สถานะ
1. วิทยาศาสตร์การแพทย์ และสุขภาพ
วิทยาศาสตร์การแพทย์ และสุขภาพ
สถานะ=หนังสือเก่า
W825 ธ699ก ฉ.1 
  Barcode: 22733
ห้องสมุดวิทยาเขตนครสวรรค์
►ส่วนจัดเก็บหนังสือเก่า นว.
บนชั้น
  ขอยืม
2. วิทยาศาสตร์การแพทย์ และสุขภาพ
วิทยาศาสตร์การแพทย์ และสุขภาพ
สถานะ=หนังสือเก่า
W825 ธ699ก ฉ.2 
  Barcode: 22734
ห้องสมุดวิทยาเขตนครสวรรค์
►ส่วนจัดเก็บหนังสือเก่า นว.
บนชั้น
  ขอยืม

รายการใกล้เคียง
    ผู้แต่ง [ธีสุทธิ์ พันธ์ฤทธิ์]

    หัวเรื่อง [การชันสูตรพลิกศพ]
    หัวเรื่อง [การตรวจศพ]
    หัวเรื่อง [นิติเวชศาสตร์]
    หัวเรื่อง [Forensic Medicine.]
    หัวเรื่อง [Autopsy.]
    หัวเรื่อง [วิธีพิจรานาความอาญา]

BibComment


ยังไม่เคยถูกคอมเมนท์

คอมเมนท์ทรัพยากรรายการนี้
  คอมเมนท์: การชันสูตรพลิกศพ..


 Copyright 2026. Bcnsprnw @Library